| 000 | 00746nam a22002657a 4500 | ||
|---|---|---|---|
| 001 | BR2023000317 | ||
| 003 | BR-BrBNA | ||
| 005 | 20230427091401.0 | ||
| 008 | 230427b bl.||||| |||| 00| 0 por d | ||
| 040 |
_aBR-BrBNA _bpor |
||
| 041 | _apor | ||
| 072 | _aD50 ; E11 | ||
| 090 | _aD50 BR2023000317 | ||
| 110 | _aMinistério do Desenvolvimento Agrário, Brasília, DF (Brazil) | ||
| 245 | _aGrilagem de terra e latifúndio agora são coisas do passado | ||
| 260 |
_aBrasília, DF (Brazil) _c[nd] |
||
| 300 | _a12 p. | ||
| 500 | _aPublished 2004?; 3 illus. | ||
| 650 | _aLEGISLAÇÃO AGRÁRIA | ||
| 650 | _aESTRUTURA AGRÁRIA | ||
| 650 | _aREFORMA AGRÁRIA | ||
| 650 | _aCADASTRO RURAL | ||
| 909 |
_a202304 _bFernando Magalhães _c63 _dFernando Magalhães |
||
| 942 | _cBK | ||
| 999 |
_c8988 _d8988 |
||